000 00823nam a2200253Ia 4500
003 OSt
005 20220925181631.0
006 a|||||r|||| 00| 0
007 ta
008 220923b |||||||| |||| 00| 0 eng d
020 _a9788191050417
037 _cGeneral Book
040 _aRTL
_cRTL
_beng
041 _2eng
_aeng
082 _aT4(Q6).211.N78<-M37, Q0
100 _aKALAPATI Joshua
_9254333
245 0 _aLife and legacy of madras christian college (1837-1978)
260 _aChennai
_bZha Communications
_c2010
300 _axvi,356p
_ccm.
500 _aReferences - 845-873p; Glossary: 875-898p; Appendix: 793-844p
700 _a JEYASEKARAN Ambrose
_9254334
942 _hT4(Q6).211.N78<-M37, Q0
_cGB
_2CC
999 _c499760
_d499760